| 000 | 00702cam a2200241 i 4500 | ||
|---|---|---|---|
| 001 | 3689110 | ||
| 003 | ARRUPE | ||
| 005 | 20131121140346.0 | ||
| 008 | 790119s1978 enk 000 1 eng | ||
| 010 | _a 78323610 | ||
| 015 | _aGB*** | ||
| 020 |
_a0434186325 : _c£3.90 |
||
| 040 |
_aDLC _cDLC _dDLC |
||
| 050 | 0 | 0 |
_aPZ4.D445 _bGam _aPR9499.3.D465 |
| 082 | 0 | 0 | _a823 |
| 100 | 1 |
_aDesai, Anita, _d1937- _93585 |
|
| 245 | 1 | 0 |
_aGames at twilight ; and other stories / _cAnita Desai. |
| 260 |
_aLondon : _bHeinemann, _c1978. |
||
| 300 |
_a137 p. ; _c23 cm. |
||
| 651 | 0 |
_aIndia _xSocial life and customs _xFiction. _93586 |
|
| 906 |
_a7 _bcbc _corignew _d4 _encip _f19 _gy-gencatlg |
||
| 942 |
_2lcc _cMONOGRAPH |
||
| 999 |
_c118609 _d118609 |
||